| 000 | 01238nam a2200325 i 4500 | ||
|---|---|---|---|
| 001 | 8850 | ||
| 003 | KOSZ 005 | ||
| 005 | 20220426110353.0 | ||
| 008 | 070717s1970 pl a f 000 0 pol | ||
| 015 | _aPB 1970/6517 | ||
| 040 |
_aWA N _cWA N _dKOSZ 005/RW |
||
| 041 | 1 |
_apol _hrus |
|
| 080 | _a517 | ||
| 100 | 1 |
_aKrasnov, Mihail Leont'evič. _eAutor |
|
| 245 | 1 | 0 |
_aZadania z rachunku operatorowego i stabilności ruchu / _cM. L. Krasnow, G. I. Makarenko ; [tł. z ros. Wojciech Wojtyński]. |
| 246 | 1 |
_iTyt. oryg.: _aOperacionnoe isčislenie : _bustojčivost' dviženija. |
|
| 260 |
_aWarszawa : _bPaństwowe Wydawnictwo Naukowe, _c1970. |
||
| 300 |
_a117, [3] s. : _bil. ; _c23 cm. |
||
| 380 | _aKsiążki. | ||
| 504 | _aBibliogr. s. [118]. | ||
| 650 | 4 | _aRachunek operatorowy | |
| 655 | 4 | _aĆwiczenia i zadania dla szkół wyższych | |
| 650 | 4 | _aRównania różniczkowe | |
| 650 | 4 | _aKinematyka | |
| 700 | 1 |
_aMakarenko, Grigorij Ivanovič. _eAutor |
|
| 710 | 2 |
_aPaństwowe Wydawnictwo Naukowe _4pbl. |
|
| 700 | 1 |
_aWojtyński, Wojciech _eTłumaczenie |
|
| 856 |
_uhttp://koha.tu.koszalin.pl/cgi-bin/koha/opac-detail.pl?biblionumber=8850 _yKatalog online BPK |
||
| 942 |
_2UKD _cKS |
||
| 999 |
_c8850 _d8850 |
||